Musique de 1790 aux années 30 100 questions progressives - Statistiques

Statistiques générales
  • Ce quiz a été pris 1 139 fois
  • Le résultat moyen est 48 sur 100
Statistiques - réponses
% Question Réponse % Correct
1 Joséphine Baker emmène les danseurs de sa revue en chantant en 1930, "J'ai deux amours..." mon pays et Paris
97%
2 En 1924, après une dispute avec Mistinguett, le parolier Jean Lenoir écrit "Parlez-moi..." d'amour
87%
3 En 1930, un Autrichien compose la version allemande d'un futur succès français, chanté notamment par Line Renaud... "Etoile... des neiges
77%
4 Marie Dubas crée en 1936 une chanson reprise par Piaf puis Gainsbourg en hommage à celui qui "sentait bon le sable chaud", son... légionnaire
69%
55 En 1939, Maurice Chevalier enregistre un hymne à la capitale sous le titre... Paris sera toujours Paris
64%
5 En 1932, Lys Gauty chante le calme des voies d'eau et l'amour dans "Le (...) qui passe" chaland
63%
6 En 1913, le comique troupier populaire Bach chante ces soldats natifs d'Arras dans la chanson "Avec... Bidasse
59%
8 Remise au goût du jour dans les années 90 par Gérard Darmon et Alain Chabat, cette danse nait dans un film de 1933, c'est la... carioca
56%
7 Cette chanson de 1914 chanté par Bach devient l'hymne des poilus... Quand Madelon
56%
9 Une des rares chansons à connaître un succès constant depuis la Belle époque. Elle commence par Je t'ai rencontré simplement Et tu n'as rien fait pour chercher à me plaire Fascination
54%
12 A quelle île Tino Rossi déclare son amour en 1934 dans "Ô (...) île d'amour" Corse
53%
10 Cette chanson d'amour napolitaine de 1898 est une ode au soleil O sole mio
53%
11 J'ai la rate qui s'dilate J'ai le foie qu'est pas droit J'ai le ventre qui se rentre chantait Gaston Ouvrard dans... Je n'suis pas bien portant
52%
13 Tino Rossi chante en 1936 un de ses plus grands succès, un prénom de femme qui est aussi celui d'un film Marinella
52%
22 Chanson à la gloire des armées napoléoniennes, elle connait le succès dès sa création en 1906. Elle commence par "Les soldats sont là-bas endormis sur la plaine" Le rêve passe
51%
24 Marlene Dietrich popularise en France après la guerre une chanson d'amour allemande de 1938 qui a pour titre français... Lili Marlene
51%
19 Qui, pour Maurice Chevalier en 1925 avait de tout petits petons et de tout petits tétons ? Valentine
51%
17 A quelle ville Alibert dit-il Adieu dans sa chanson de 1933 ? Adieu (...) provençale ? Venise | Martigues
51%
25 Selon la chanson de 1935 qu'est ce qui "part du vieux port et sans effort... finit au but de la terre". La... Canebière
50%
35 En 1928, Mistinguett chante une des nombreuses chansons sur la capitale. Son titre ? "Ca..." c'est Paris
50%
29 En 1933, dans "Les trois petits cochons" on peut entendre... "Qui a peur..." du grand méchant loup
50%
34 Cette chanson, un des airs de l'opérette Dédé de 1921 a pour titre un conseil insouciant, complètez-le "Dans la vie... faut pas s'en faire
50%
18 Pendant la drôle de guerre, Maurice Chevalier chante "Et tout ça ça fait d'excellents ..." Français
50%
28 En 1897, dans la revue de music-hall Paris qui marche, on peut entendre pour la 1ère fois cet air utilisé dans les années 90 comme générique d'une émission de Christine Bravo Frou-frou
50%
14 Qui chante dans le film "La belle équipe" ,devenu un des symboles de son époque, la chanson "Quand on se promène au bord de l'eau" (prénom et nom) Jean Gabin
50%
16 Dans le Magicien d'Oz, en 1939, Judy Garland interprète cette chanson reprise de multiples fois. Elle demeure connue sous son titre anglais... Over the rainbow
50%
15 Dans la Grande Vadrouille, Louis de Funès et Bourvil chantonnent ce succès anglais de 1924 dans un hammam Tea for two
50%
48 Berthe Sylva popularise cette chanson triste de 1926 qui a pour titre "Les roses... blanches
49%
30 En 1962, dans Un singe en hiver, Jean Gabin et Jean-Paul Belmondo chantent cette chanson de 1922 intitulée "Nuits de... Chine
49%
26 Qui vient de Bourgogne, a du poil aux pattes, l'air d'une andouille et suit Fernandel à l'hôtel d'Abyssinie et du Calvados réunis pour Fernandel en 1939 ? Félicie
49%
27 Cette chanson de Jean-Baptiste Clément de 1866 est devenue l'hymne de la Commune Le temps des cerises
49%
23 En 1871 est composé ce chant révolutionnaire qui deviendra l'hymne officiel de l'URSS L'Internationale
49%
44 Enorme vedette du café concert pendant plus de 30 ans, ce chanteur a créé notamment Le Père la Victoire. Il se produisait dans le monde entier, aux Etats-Unis, en Russie, en Angleterre, en Hongrie, quel était son nom de scène ? Paulus
49%
32 En 1936, Charles Trenet se fait connaître du public avec cette chanson optimiste ? Quel est son titre exact ? Y'a d'la joie
49%
45 A quel dessin animé fait penser la chanson "Heigh-Ho" de 1937 ? (titre complet) Blanche-Neige et les Sept Nains | Blanche-Neige et les 7 Nains
48%
43 En 1909, comment est la valse des Chevaliers de la Lune popularisée par Lucienne Delyle ? Brune
48%
31 Ce chant de Noël, un des plus célèbres du monde a été créé en 1818 sous le titre "Stille Nacht, heilige Nacht". Quel est le titre français ? Douce nuit, sainte nuit
48%
37 Cette chanson, créée en 1917 en France, traverse l'Atlantique avec les soldats américains qui rentrent chez eux en 1919. Elle inspire Charlie Chaplin pour la musique des "Temps modernes" Je cherche après Titine
48%
20 En 1933 qui chante "A Paris dans chaque faubourg" ? (prénom et nom) Lys Gauty
48%
21 Cette chanson de 1836 connue sous un titre erroné est devenu l'hymne officieux de la Normandie. Sous quel titre a-t-elle été créée ? Ma Normandie
48%
39 Ce chant patriotique de 1870 devenu une marche militaire célèbre la victoire de Fleurus ! Connu dans le monde entier depuis la 1ère guerre mondiale, c'est "Le Régiment de..." Sambre-et-Meuse
48%
42 Celle qui rend fou, C'est une enjôleuse, Tous ceux qui l'ont aimé, Ont souffert, ont pleuré. Qui est cette femme chantée en 1912 par Gaston Dona mais reprise notamment par Georgette Plana. Le titre donne la réponse... "La femme aux bijoux
47%
40 En 1938, de quelle couleur est la java chantée par Fréhel ? Bleue
47%
38 Cette chanson très populaire chez les Britanniques pendant la 1ère Guerre mondiale est reprise après la 2e Guerre par Line Renaud native de la ville qu'elle évoque Mademoiselle from Armentières
47%
62 Pour Mistinguett en 1920 "Sur cette terre, ma seule joie, mon seul bonheur c'est..." (titre de la chanson) Mon homme
47%
61 En 1904, Aristide Bruant chante celle qu'on aime bien à la Bastille et donne son nom à sa chanson. Lequel ? Nini peau d'chien
47%
56 En 1938, selon Maurice Chevalier, on perdrait la boule si on connaissait sa.... poule
47%
36 En 1936, cette maladie oubliée est au centre d'un des airs de l'opérette Normandie. Ray Venture en fait un succès en chantant : Ca vaut mieux que d'attraper la... Scarlatine
47%
63 Dans Tintin au pays de l'or noir, les dépanneurs Simoun utilisent cette chanson de Charles Trenet pour leur publicité... Boum
46%
41 Jean Lumière chante en 1933 un petit coin de France où il aime revenir dans "La petite... église
46%
80 Damia, en 1931, chante l'homme qui la cogne, la démolit qu'elle surnomme... Le grand frisé
46%
49 L'auteur de ce chant bucolique sera guillotiné en 1794, 14 ans après l'avoir composé. On veut voir dans la bergère qu'il évoque la reine Marie-Antoinette et dans l'orage à venir les troubles de la Révolution. Son titre est Il pleut, il pleut bergère
46%
69 Un film musical, une chanson en apparence gaie, mais à la fin une arrestation par des gendarmes et un suicide... Charles Trenet a créé ce succès en 1937 sous le titre Je chante
46%
64 On se trompe souvent sur le titre de cette chanson de Charles Trenet qui imagine la rencontre entre deux astres, son titre exact est en 1939 Le Soleil et la Lune
46%
52 Qui enregistre en 1938 "Qu'est ce qu'on attend pour être heureux ?" (Prénom et nom du chanteur + nom du groupe) Ray Ventura et ses collégiens
46%
59 En 1898, ce Breton compose La Paimpolaise Théodore Botrel
46%
33 Qui chante "Le plus beau tango du monde" en 1935 ? Tino Rossi
46%
58 En 1922, on enregistre la chanson qui deviendra l'hymne de la République de Montmartre et donnera une expression "Monte là-dessus... tu verras Montmartre
46%
73 Qui chante "Je n'attends plus rien" en 1933 ? Fréhel
45%
72 En 1932, le mexicain Pedro Vargas enregistre cette chanson en hommage à une ville espagnole, régulièrement reprise Granada
45%
70 Avant Tino Rossi, Saint-Granier chante en 1928 cette traduction d'une chanson anglaise qui porte comme titre un prénom de femme. Ramona
45%
75 Pour le film Tourbillon de Paris, Ray Ventura et ses collégiens chantent un air entrainant célébrant le "printemps qui vient". Son titre ? Tiens, tiens, tiens
45%
53 En 1930, Joséphine Baker chante ce qu'on appelle alors l'Indochine dans "La petite..." Tonkinoise
45%
78 Quelle chanson de 1902 commence par : "Le samedi soir après l'turbin L'ouvrier parisien Dit à sa femme : Comme dessert J'te paie l'café-concert" ? Viens Poupoule
45%
93 Elle est belle, elle est mignonne, C'est une bien jolie personne, De dedans la rue on peut la voir Qu'elle est assise dans son comptoir Le titre de cette chanson de 1914 renseigne sur la personne décrite dans les premières lignes. C'est "La... caissière du grand café
44%
57 En 1913, on découvre cette berceuse interprétée dans plusieurs films... "Ferme tes..." jolis yeux
44%
46 En 1916, un officier britannique blessé aurait écrit cette chanson après avoir reçu un bouquet de fleurs. Son titre les évoque. Les roses de Picardie
44%
54 Cette chanson mélodramatique de 1912 très populaire raconte l'histoire d'une pauvre jeune fille qui retrouve son père, médecin, à l'hôpital et meurt malgré les efforts de celui-ci L'hirondelle du faubourg
44%
77 Ce grand succès de Charles Trenet de 1938 rend hommage à un quartier de Paris... Lequel ? Ménilmontant
44%
50 En 1937, Jean Sablon reçoit le Grand Prix du disque pour "Vous qui passez sans... me voir
44%
65 Cette chanson en patois du Nord créée en 1853 qui raconte l'histoire d'une pauvre dentellière est devenue l'hymne de sa région. Le... P'tit Quinquin
44%
81 En 1871, immédiatement après la fin de la guerre franco-prussienne on chante l'espoir de voir revenir à la France les provinces annexées par l'Allemagne dans une chanson dont le titre exact est Alsace et Lorraine
43%
68 "La fleur au guidon" ou "Le tour de France qui passe", chansons des années 30, auraient inspirés les auteurs de l'hymne officieux du régime de Vichy elle-même intitulée Maréchal, nous voilà
43%
76 Quelle chanteuse, qui se fera connaître comme animatrice du "petit conservatoire" bien plus tard chante "Couchés dans le foin" quelques années après sa création en 1932 Mireille
43%
67 Hymne national officieux de la France sous le Second empire, ce chant a été composé vers 1810 par Hortense de Beauharnais, mère de Napoléon III. Il évoque la campagne d'Egypte malgré son titre... Partant pour la Syrie
43%
82 En 1928, Georgel évoque les misérables de Paris réduits à trouver un abri sous les ponts dans la chanson... Sous les ponts de Paris
43%
85 Cette chanson est une des plus connues aux Etats-Unis et dans le monde, elle a été composée en 1847 par Stephen Foster. Son titre comprend un prénom féminin...."Oh... Susanna
43%
47 Dans le film "Circonstances atténuantes", Arletty chante "Comme de..." bien entendu
42%
79 En 1916, le "tango des tango" est enregistré pour la 1ère fois, chanson d'amour populaire en Argentine et en Uruguay, il est connu dans le monde entier sous le titre de La... Cumparsita
42%
100 Cette chanson de 1916 reprend le thème de La Bête humaine de Zola, son titre... "Le train fatal
42%
99 En 1912, qui enregistre "Reviens" qu'il vient de composer et qui sera repris par des dizaines d'interprètes ? Fragson
42%
91 En 1935, que se raconte deux vicomtes qui se rencontrent ? Des... histoires de vicomtes
42%
51 Cette chanson est généralement associée à la 2e Guerre mondiale, elle a cependant été créée en 1937 en Italie avant d'être reprise en 1938 par Rina Ketty qui chantait " (...) le jour et le nuit" J'attendrai
42%
74 Sur un rythme gai et entrainant cette chanson raconte l'histoire d'une pauvre fille qui accompagne par amour une caravane bédouine dans le Sahara. Le tout se veut comique. On peut l'entendre dans "Milou en mai" en 1989 La fille du Bédouin
42%
87 Dans l'esprit revanchard de 1892 est composée cette chanson lors de la venue du président Sadi-Carnot à Nancy. On la connait sous le nom de "Fiers enfants de Lorraine" mais son titre exact est La marche lorraine
42%
86 Quel duo chante "Le vieux château" en 1932 ? Pils et Tabet
42%
92 Dans cette chanson de 1925, parodie des chansons réalistes, Julot vole une rame de métro qu'il dissimule sous son paletot (manteau). C'est la plus connue des javas avec la java bleue... Son titre ? La plus... bath des javas
41%
60 En 1930, Damia fait pleurer la France en évoquant l'âme des matelots réincarnée dans ces oiseaux... Les goélands
41%
66 Jean Murat chante en 1931, du moussaillon au commandant les gars de la marine
40%
98 En France, le titre de ce morceau de Glenn Miller est "Dans l'ambiance" mais quel est son titre original en 1939 ? In the mood
40%
84 Mignonne, quand la lune éclaire La plaine aux bruits mélodieux, Lorsque l'étoile du mystère. Ainsi commence une chanson de 1882, véritable hommage à la campagne, reprise plus tard par Armand Mestral La chanson des blés d'or
40%
97 Cette chanson à double sens créée par Dranem a connu le succès de sa création en 1906 aux années 30. Le thème général est le métro Le trou de mon quai
40%
89 En 1935, Berthe Sylva signe une chanson sur une évidence, le temps passe et selon le titre "On n'a pas..." tous les jours 20 ans | tous les jours vingt ans
40%
90 Malgré de multiples incidents frappant l'entourage de leur correspondante, des domestiques continuent à affirmer dans cette chanson de 1935 que Tout va très bien Madame la Marquise
40%
88 Jamais rien dans la vie ne turlupine Georges Milton en 1930 par qu'il a selon le titre de sa chanson sa... combine
39%
83 Ce chant dont les auteurs sont anonymes évoquent la boucherie de certains combats de la 1ère Guerre mondiale. On l'appelle La chanson de Craonne
38%
96 Comment se nomme cet exemple rare de chanson "historique" chantée par Georgius à partir de 1916 dont les faits sont supposés se dérouler en 1430 ! Les archers du Roy
38%
94 On ne sait pas exactement qui a créé cette chanson du début des années 20 dont le titre évoque une forme de tabac alors populaire Du gris
37%
71 La chanson irlandaise We're Going to Hang out the Washing on the Siegfried Line est traduite en France pendant la drôle de guerre et connait le succès sous le titre On ira pendre notre linge sur la ligne Siegfried
37%
95 Qui était rusé comme une fouine et dénichait des combines selon Fréhel en 1912. Le... dénicheur
36%
Aucun quiz correspondant
Distribution des résultats
% des personnes avec chaque résultat
Percentile par nombre de réponses
Votre historique - résultats
Vous n’avez pas pris ce quiz